|
|
|
|
| LEADER |
00000nam0a2200000 4500 |
| 001 |
285507 |
| 005 |
20231101235812.0 |
| 020 |
|
|
|a RU
|b 86-40566ж
|
| 035 |
|
|
|a (RuTPU)RU\TPU\book\309749
|
| 035 |
|
|
|a RU\TPU\book\309747
|
| 090 |
|
|
|a 285507
|
| 100 |
|
|
|a 20150225d1984 k y0rusy5003 ca
|
| 101 |
0 |
|
|a rus
|
| 102 |
|
|
|a RU
|
| 105 |
|
|
|a a z 001zy
|
| 200 |
1 |
|
|a Микропроцессоры и ЭВМ в управлении и проектировании промышленных установок
|e сборник научных трудов
|f Ленинградский электротехнический институт (ЛЭТИ) ; под ред. А. В. Башарина
|
| 210 |
|
|
|a Москва
|c Изд-во ЛЭТИ
|d 1984
|
| 215 |
|
|
|a 143 с.
|c ил.
|
| 225 |
1 |
|
|a Известия Ленинградского электротехнического института (ЛЭТИ)
|v Вып. 344
|
| 320 |
|
|
|a Библиогр. в конце статей
|
| 606 |
1 |
|
|a Автоматические системы управления
|x Вычислительные устройства
|2 stltpush
|3 (RuTPU)RU\TPU\subj\815
|9 29621
|
| 606 |
1 |
|
|a Микропроцессоры
|2 stltpush
|3 (RuTPU)RU\TPU\subj\43715
|9 63175
|
| 610 |
1 |
|
|a промышленные установки
|
| 610 |
1 |
|
|a проектирование
|
| 610 |
1 |
|
|a ЭВМ
|
| 610 |
1 |
|
|a нелинейные системы
|
| 610 |
1 |
|
|a управление
|
| 610 |
1 |
|
|a моделирование
|
| 610 |
1 |
|
|a микропроцессорные системы
|
| 610 |
1 |
|
|a микроЭВМ
|
| 610 |
1 |
|
|a автоматические системы
|
| 610 |
1 |
|
|a микроэлектроника
|
| 610 |
1 |
|
|a электроприводы
|
| 610 |
1 |
|
|a цифровое управление
|
| 675 |
|
|
|a 681.51:681.3
|v 3
|
| 675 |
|
|
|a 681.325.5-181.48
|v 3
|
| 702 |
|
1 |
|a Башарин
|b А. В.
|4 340
|
| 712 |
0 |
2 |
|a Ленинградский электротехнический институт (ЛЭТИ)
|2 stltpush
|3 (RuTPU)RU\TPU\col\289
|
| 801 |
|
0 |
|a RU
|b RuMRKP
|c 19950704
|g psbo
|
| 801 |
|
1 |
|a RU
|b 63413507
|c 20100520
|
| 801 |
|
2 |
|a RU
|b 63413507
|c 20171222
|g RCR
|
| 942 |
|
|
|c BK
|